[Event "Targu Mures op 3rd"]
[Site "Targu Mures"]
[Date "2022.06.11"]
[Round "9"]
[White "Puskas, Janos"]
[Black "Maier, Marius Alin"]
[Result "1/2-1/2"]
[WhiteElo "2041"]
[BlackElo "1935"]
[PlyCount "76"]
[EventDate "2022.06.05"]
[EventType "swiss"]
[EventRounds "9"]
[EventCountry "ROU"]
[SourceTitle "EXT 2024"]
[Source "ChessBase"]
[SourceDate "2023.10.10"]
[SourceVersion "1"]
[SourceVersionDate "2023.10.10"]
[SourceQuality "1"]

1. d4 d5 2. Nf3 Nf6 3. c4 c6 4. Nc3 a6 5. c5 Bf5 6. Qb3 Qc8 7. Bf4 Nbd7 8. h3 e6 9. e3 Be7 10. Be2 0-0 11. 0-0 Bd8 12. Nh4 Bg6 13. Nxg6 hxg6 14. Rac1 Bc7 15. Bxc7 Qxc7 16. f4 Rab8 17. Qa3 Ne4 18. Nxe4 dxe4 19. b4 Nf6 20. Qb3 Nd5 21. Bc4 Qe7 22. Bxd5 exd5 23. a4 b5 24. Ra1 Rb7 25. axb5 axb5 26. Ra6 Rc8 27. Rfa1 Qh4 28. Kh2 g5 29. g3 Qh6 30. Rf1 Re7 31. Qd1 gxf4 32. Rxf4 Re6 33. Qg4 Rf8 34. Ra7 Rf6 35. Rc7 Rxf4 36. Qxf4 Qg6 37. Qd6 Qf5 38. Qf4 Qg6 1/2-1/2

[Event "Targu Mures op 3rd"]
[Site "Targu Mures"]
[Date "2022.06.07"]
[Round "5"]
[White "Maier, Marius Alin"]
[Black "Andronescu, Madalin"]
[Result "0-1"]
[WhiteElo "1935"]
[BlackElo "2076"]
[PlyCount "126"]
[EventDate "2022.06.05"]
[EventType "swiss"]
[EventRounds "9"]
[EventCountry "ROU"]
[SourceTitle "EXT 2024"]
[Source "ChessBase"]
[SourceDate "2023.10.10"]
[SourceVersion "1"]
[SourceVersionDate "2023.10.10"]
[SourceQuality "1"]

1. e4 c5 2. Nc3 Nc6 3. Bb5 Nd4 4. Nf3 Nxb5 5. Nxb5 d6 6. d4 cxd4 7. Qxd4 Bd7 8. a4 a6 9. Nc3 e6 10. Be3 Rc8 11. Qb6 Qxb6 12. Bxb6 Nf6 13. Nd2 Bc6 14. 0-0 d5 15. exd5 Bxd5 16. Bd4 Bc6 17. Nb3 Bb4 18. Na2 Be7 19. Nc3 Nd5 20. Na5 Nxc3 21. bxc3 Be4 22. Rfb1 0-0 23. f3 Bxc2 24. Rxb7 Rfe8 25. Ra2 Bg6 26. Rb6 e5 27. Bf2 Rxc3 28. h3 f5 29. Rxa6 e4 30. Rc6 Rd3 31. fxe4 fxe4 32. Nc4 Bg5 33. Re2 e3 34. Be1 Rd1 35. Nb2 Rb1 36. Kh2 Bf6 37. Bc3 Bxc3 38. Rxc3 Rxb2 39. Rexe3 Rxe3 40. Rxe3 Ra2 41. a5 Rxa5 42. g4 Rd5 43. Re7 Rd3 44. Rc7 h5 45. gxh5 Bf5 46. Rc5 Rxh3+ 47. Kg2 Rxh5 48. Kg3 Bg6 49. Rc6 Kh7 50. Kf4 Ra5 51. Ke3 Ra4 52. Re6 Bf5 53. Re7 Kg6 54. Kf3 Kf6 55. Rc7 g5 56. Rc6+ Be6 57. Rc5 g4+ 58. Kg3 Ra3+ 59. Kg2 Bf5 60. Rb5 Kg5 61. Rb8 Kf4 62. Rb4+ Be4+ 63. Kg1 g3 0-1